Đóng góp của Neutrino mới vào quá trình rã Higgs vi phạm lepton thế hệ trong mô hình 3-3-1 với lepton trung hòa : Luận văn Thạc sĩ Vật lý. Chuyên ngành Vật lý lý thuyết và Vật lý toán

Nghiên cứu về mặt lý thuyết đóng góp của neutrino mới vào quá trình rã boson Higgs vi phạm lepton thế hệ trong mô hình 3-3-1 với lepton trung hòa, mô hình 3-3-2 tiết kiệm.

সংরক্ষণ করুন:
গ্রন্থ-পঞ্জীর বিবরন
প্রধান লেখক: Lê, Thu Thủy
বিন্যাস: গ্রন্থ
ভাষা:Undetermined
প্রকাশিত: Cần Thơ Trường Đại học Cần Thơ 2017
বিষয়গুলি:
ট্যাগগুলো: ট্যাগ যুক্ত করুন
কোনো ট্যাগ নেই, প্রথমজন হিসাবে ট্যাগ করুন!
Thư viện lưu trữ: Trung tâm Học liệu Trường Đại học Cần Thơ
LEADER 01096nam a2200193Ia 4500
001 CTU_224652
008 210402s9999 xx 000 0 und d
082 |a 539.72 
082 |b Th523 
100 |a Lê, Thu Thủy 
245 0 |a Đóng góp của Neutrino mới vào quá trình rã Higgs vi phạm lepton thế hệ trong mô hình 3-3-1 với lepton trung hòa : 
245 0 |b Luận văn Thạc sĩ Vật lý. Chuyên ngành Vật lý lý thuyết và Vật lý toán 
245 0 |c Lê Thu Thủy ; Nguyễn Thanh Phong (Cán bộ hướng dẫn) 
260 |a Cần Thơ 
260 |b Trường Đại học Cần Thơ 
260 |c 2017 
520 |a Nghiên cứu về mặt lý thuyết đóng góp của neutrino mới vào quá trình rã boson Higgs vi phạm lepton thế hệ trong mô hình 3-3-1 với lepton trung hòa, mô hình 3-3-2 tiết kiệm. 
650 |a Hạt (Vật lý hạt nhân),Particles (Nuclear physics) 
980 |a Trung tâm Học liệu Trường Đại học Cần Thơ